As 20 cidades mais violentas do mundo em 2016 - Statistics

Estatísticas Gerais
  • Esse quiz foi jogado 72 vezes
  • A pontuação média é 4 de 20
Estatísticas das Respostas
# CIDADES PAÍS Nº DE HOMICÍDIOS A CADA 100.000 HABITANTES % Correto
1 Caracas Venezuela 130.35
95%
20 Salvador Brasil 54.71
52%
7 San Salvador El Salvador 83.39
49%
10 Natal Brasil 69.56
38%
11 Belém Brasil 67.41
37%
12 Aracaju Brasil 62.76
23%
2 Acapulco México 113.24
14%
3 San Pedro Sula Honduras 112.09
14%
15 Feira de Santana Brasil 60.23
12%
13 Cape Town África do Sul 60.77
11%
14 St. Louis Estados Unidos 60.37
9%
16 Vitória da Conquista Brasil 60.10
9%
19 Campos dos Goytacazes Brasil 56.45
6%
9 Valencia Venezuela 72.02
5%
17 Barquisimeto Venezuela 59.38
3%
4 Distrito Central Honduras 85.09
3%
18 Cumana Venezuela 59.31
2%
6 Maturin Venezuela 84.21
2%
8 Cidade Guayana Venezuela 82.84
0%
5 Cidade Victoria México 84.67
0%
Nenhum quiz correspondente encontrado
Distribuição das Pontuações
Porcentagem de Pessoas com Cada Pontuação
Percentil de Números Respondidos
Sua Pontuação Histórica
Você não jogou esse quiz